Praga 2000: hacia un mundo desglobalizado /

Shranjeno v:
Bibliografske podrobnosti
Glavni avtor: Bello, Walden
Format: Knjiga
Jezik:Spanish
Oznake: Označite
Brez oznak, prvi označite!

MARC

LEADER 00000nam a22000007a 4500
003 cru CRAI/IIS
005 20200214085341.0
008 200213s2001 ag |||||r|||||||| ||spa|d
999 |c 42948  |d 42948 
040 |c cru CRAI/IIS 
100 1 |9 9081  |a Bello, Walden 
245 1 |a Praga 2000:  |b hacia un mundo desglobalizado /  |c Walden Bello 
300 |a  páginas 153-168 
773 0 |0 42841  |9 4302  |d Buenos Aires, Argentina: CLACSO, 2001  |o 18809  |t Resistencias mundiales:  |z 9509231606 
942 |2 ddc  |c LI